| 000 | 01813nam0a2200421 4500 | ||
|---|---|---|---|
| 001 | RU\NLR\BIBL_A\022613720 | ||
| 005 | 20260420052826.0 | ||
| 010 |
_a978-5-7057-6393-1 _91500 |
||
| 021 |
_aRU _bКН-П-25-041369 _9КН-П-25-4028 |
||
| 035 | _a(NLR Aleph) 022613720 | ||
| 090 |
_a13683549 _c13683549 |
||
| 100 | _a20250903d2025 u y0rusy50 ca | ||
| 101 | 0 | _arus | |
| 102 | _aRU | ||
| 105 | _aa j 000yy | ||
| 181 | 0 |
_ai3 _baxxe |
|
| 182 | 0 | _an | |
| 200 | 1 |
_aГеометрия _e7-8 классы _eрешение задач на готовых чертежах _fИздательство "Учитель" _gсоставитель: Г. В. Королькова |
|
| 203 |
_aТекст _bвизуальный _cнепосредственный |
||
| 205 | _aИзд. 3-е, испр. | ||
| 210 |
_aВолгоград _cУчитель _d[2025] |
||
| 215 |
_a51 с. _cил. _d20 |
||
| 225 | 1 | _aВ помощь преподавателю | |
| 225 | 1 | _aФГОС | |
| 225 | 1 | _aФОП ООО | |
| 313 | _a2-е изд. 2020 г. | ||
| 333 | _a12+ | ||
| 606 | 1 |
_aГеометрия _jРуководства, пособия и т.п _xЗадачи _xРешение _xПреподавание _xСредняя школа _92254625 _3RU\NLR\AUTH\661352187 |
|
| 606 | 1 |
_aГеометрия _jУчебные издания для средней школы _xЗадачи _xРешение _91382342 _3RU\NLR\AUTH\66266680 |
|
| 686 | 1 | _aЧ426.27-255я7 | |
| 686 | 1 | _aВ181.11я721-41 | |
| 702 | 1 |
_aКоролькова _bГ. В. _gГалина Владимировна _4220 |
|
| 712 | 0 | 2 |
_4475 _a"Учитель", издательство _cВолгоград _9505853 _3RU\NLR\AUTH\8810004275 |
| 942 | _cBOOK | ||
| 980 | _aNB | ||